David copperfield / (Record no. 47733)
[ view plain ]
| 000 -LEADER | |
|---|---|
| fixed length control field | 00391nam a22001457a 4500 |
| 005 - DATE AND TIME OF LATEST TRANSACTION | |
| control field | 2010092506446.0 |
| 008 - FIXED-LENGTH DATA ELEMENTS--GENERAL INFORMATION | |
| fixed length control field | 100925t xxu||||| |||| 00| 0 eng d |
| 020 ## - INTERNATIONAL STANDARD BOOK NUMBER | |
| International Standard Book Number | 81-8408-089-1 |
| 035 ## - SYSTEM CONTROL NUMBER | |
| System control number | B-263176 |
| 082 ## - DEWEY DECIMAL CLASSIFICATION NUMBER | |
| Classification number | N-DIC |
| 100 ## - MAIN ENTRY--PERSONAL NAME | |
| Personal name | Dickens, Charles |
| 9 (RLIN) | 21546 |
| 245 ## - TITLE STATEMENT | |
| Title | David copperfield / |
| Statement of responsibility, etc | by Clarles Dickens |
| 300 ## - PHYSICAL DESCRIPTION | |
| Extent | x; 238p. |
| Other physical details | 21cm. (Hb) |
| Dimensions | illu. |
| 942 ## - ADDED ENTRY ELEMENTS (KOHA) | |
| Source of classification or shelving scheme | Dewey Decimal Classification |
| Item type | English Books |
| Classification part | N-DIC |
No items available.
